00530nam a2200181Ia 4500008004100000020001800041082000800059100003100067245005100098250000600149260002800155300001700183500002400200650001000224942000700234952009000241999001700331230524s9999 xx 000 0 und d a9780195670035 bTHA aT.S.Thandavamoorthy942625 0aAnalysis of Structures: Strength and Behaviour a9 aNew DelhibOxfordc2013 a"VIII,853p;" aQuantity Number: 1 aCivil cBK 00104070aTATCLbTATCLcGENd2023-05-24l0o THAp54019r2023-05-24w2023-05-24yBK c57637d57637